000 00821nam a2200277Ia 4500
003 OSt
005 20220928114741.0
006 a|||||r|||| 00| 0
007 ta
008 220927b |||||||| |||| 00| 0 eng d
020 _cUSD 124.95
024 _a136806
037 _b83, 25/01/2018, Aviva Books Company
_cTextual
040 _aSDCL
_cSDCL
_beng
041 _2eng
_aeng
082 _aB43, Q7
100 _aCeschi Roger
_9440755
245 0 _aFourier analysis
260 _aHoboken
_bWiley
_c2017
300 _ax,248p.
_ccm.
490 _aDigital signal and image processing series
650 _aElectronic Science
700 _a Gautier Jean-Luc
_9440756
942 _hB43, Q7
_cTEXL
_2CC
999 _c756284
_d756284